| 000 | 00430nam a2200181Ia 4500 | ||
|---|---|---|---|
| 003 | GCL | ||
| 008 | 140319s9999 xx 000 0 ara d | ||
| 040 |
_aGCL / _cGCL |
||
| 082 | 0 | 4 |
_a398.23 _bس ا |
| 245 | 1 | 0 | _aالاسطورة والتراث |
| 300 | _a324 | ||
| 490 |
_aكتاب _v0 |
||
| 650 | 0 | 4 | _aالاعلام |
| 650 | 0 | 4 | _aالفلكلور |
| 650 | 0 | 4 | _aالاسطورة |
| 650 | 0 | 4 | _aالبلدان |
| 942 |
_2ddc _cBK |
||
| 999 |
_c43013 _d43013 |
||